Central Library OPAC University of Rajshahi

প্রসঙ্গ : (Record no. 64345)

MARC details
000 -LEADER
fixed length control field 00856nam a2200229 a 4500
001 - CONTROL NUMBER
control field 64345
003 - CONTROL NUMBER IDENTIFIER
rucl marc code BD-RjUL
005 - DATE AND TIME OF LATEST TRANSACTION
control field 20211209081309.0
008 - FIXED-LENGTH DATA ELEMENTS--GENERAL INFORMATION
fixed length control field 170214s1991 ii ||||| |||| 00| 1 ben d
020 ## - INTERNATIONAL STANDARD BOOK NUMBER
Terms of availability : Tk. 25.00
035 ## - SYSTEM CONTROL NUMBER
System control number (BD-RjUL)64475
040 ## - CATALOGING SOURCE
Original cataloging agency BD-RjUL
Language of cataloging ben
Transcribing agency BD-RjUL
041 ## - LANGUAGE CODE
Language code of text/sound track or separate title ben
082 ## - DEWEY DECIMAL CLASSIFICATION NUMBER
Edition number 23
Classification number 891.44309
Author mark and year HAP 1991
100 1# - MAIN ENTRY--PERSONAL NAME
Personal name হালদার, গোপাল
9 (RLIN) 191002
245 10 - TITLE STATEMENT
Title প্রসঙ্গ :
Remainder of title বিদ্যাসাগর /
Statement of responsibility, etc. গোপাল হালদার
260 ## - PUBLICATION, DISTRIBUTION, ETC. (IMPRINT)
Place of publication, distribution, etc. কলকাতা :
Name of publisher, distributor, etc. অরুণা প্রকাশনী,
Date of publication, distribution, etc. ১৯৯১
300 ## - PHYSICAL DESCRIPTION
Pagination ১৫৩ পৃ. ;
Size ২১ সেমি .
650 ## - SUBJECT ADDED ENTRY--TOPICAL TERM
Topical term or geographic name as entry element বাংলা উপন্যাস
General subdivision ইতিহাস ও সমালোচনা
9 (RLIN) 179529
Topical term or geographic name as entry element Bengali Fiction
General subdivision History and Criticism
9 (RLIN) 188742
942 ## - ADDED ENTRY ELEMENTS (KOHA)
Source of classification or shelving scheme Dewey Decimal Classification
Koha item type Books
Holdings
Lost status Source of classification or shelving scheme Damaged status Not for loan Collection code Permanent Location Current Location Shelving location Date acquired Source of acquisition Cost, normal purchase price Total Checkouts Full call number Date last seen Copy number Koha item type
  Dewey Decimal Classification   Not For Loan Fiction Central Library, University of Rajshahi Central Library, University of Rajshahi Reading Room 28/12/1996 Angkur Prokashan, Dhaka 25.00   B 891.44309 HAP 1991 14/02/2017 C-1 Books
  Dewey Decimal Classification     Fiction Central Library, University of Rajshahi Central Library, University of Rajshahi   30/06/1981 Aligor Library, Rajshahi 30.00   B 891.44309 HAP 1991 15/02/2017 C-2 Books